01828nam a22002057a 4500003000200000005001700002008004100019020001800060050002300078100003300101245013100134250001200265260003800277300004100315504005100356520114100407650002001548650002601568700002801594020241012100717.0241012b xxu||||| |||| 00| 0 eng d a9780367186845 aPN 1995b.B46 2024 aBenshoff, Harry M.,eauthor. aFilm and television analysis :ban introduction to methods, theories, and approaches /cHarry M. Benshoff ; with Caryn Murphy. a2nd ed. aNew York, NY :bRoutledge,c2024. axviii, 430 p. :bcol. ill. ;c26 cm. aIncludes bibliographical references and index. a"This fully revised second edition textbook is especially designed to introduce undergraduate students to the most important qualitative methodologies used to study film and television. The methodologies covered in Film and Television Analysis include: ideological analysis, auteur theory, genre theory, semiotics and structuralism, psychoanalysis and apparatus theory, feminism, postmodernism, cultural studies (including reception and audience studies), and contemporary approaches to race, nation, gender, and sexuality. With each chapter focusing on a distinct methodology, students are introduced to the historical developments of each approach, along with its vocabulary, significant scholars, key concepts and case studies. Features of the second edition include: new and updated case studies to accompany each chapter over 130 color images throughout questions for discussion at the end of each chapter suggestions for further reading a glossary of key terms Written in a reader-friendly manner Film and Television Analysis is a vital textbook for students encountering these concepts for the first time"--Provided by publisher. aFilm criticism. aTelevision criticism. aMurphy, Caryn,eauthor.